[Event "Recife Regiao op"]
[Site "Recife"]
[Date "2014.11.01"]
[Round "5"]
[White "Correa, Licinio Crasso Ramo"]
[Black "Monte, Edmar Ferreira"]
[Result "1/2-1/2"]
[WhiteElo "1950"]
[BlackElo "1667"]
[PlyCount "54"]
[EventDate "2014.10.30"]
[EventType "swiss"]
[EventRounds "7"]
[EventCountry "BRA"]
[SourceTitle "EXT 2015"]
[Source "ChessBase"]
[SourceDate "2014.11.20"]
[SourceVersion "1"]
[SourceVersionDate "2014.11.20"]
[SourceQuality "1"]

1. e4 e6 2. d4 d5 3. e5 c5 4. c3 Nc6 5. Nf3 Qb6 6. Na3 cxd4 7. cxd4 a6 8. Nc2 Nge7 9. Be2 Bd7 10. 0-0 Nb4 11. Ne3 Bb5 12. a3 Bxe2 13. Qxe2 Nbc6 14. Qd3 Na7 15. b3 Rc8 16. Bb2 Qb5 17. Rfd1 Nec6 18. Rac1 Na5 19. Rxc8+ Nxc8 20. Qxb5+ axb5 21. Rc1 Kd7 22. Nd2 f6 23. f4 Be7 24. Kf2 fxe5 25. fxe5 Rf8+ 26. Ke2 Bg5 27. Rc5 Na7 1/2-1/2

[Event "Recife Regiao op"]
[Site "Recife"]
[Date "2014.10.31"]
[Round "3"]
[White "Sales, Gerson de Assis"]
[Black "Monte, Edmar Ferreira"]
[Result "1-0"]
[WhiteElo "2139"]
[BlackElo "1667"]
[PlyCount "57"]
[EventDate "2014.10.30"]
[EventType "swiss"]
[EventRounds "7"]
[EventCountry "BRA"]
[SourceTitle "EXT 2015"]
[Source "ChessBase"]
[SourceDate "2014.11.20"]
[SourceVersion "1"]
[SourceVersionDate "2014.11.20"]
[SourceQuality "1"]

1. Nf3 d5 2. g3 Nf6 3. Bg2 c5 4. c4 e6 5. 0-0 Be7 6. d4 cxd4 7. Nxd4 Nc6 8. Nc3 0-0 9. e3 Bc5 10. Nb3 Bb4 11. cxd5 exd5 12. Nxd5 Nxd5 13. Qxd5 Qc7 14. Nd4 Rd8 15. Qc4 Qa5 16. Bxc6 Rxd4 17. Qxd4 bxc6 18. a3 Bf8 19. b4 Qa4 20. Bb2 Bh3 21. Rfd1 c5 22. bxc5 Qc6 23. Qd5 Qc8 24. Rac1 Rb8 25. Be5 Rb5 26. Bd6 Be6 27. Qd3 Rb3 28. Qd4 Qa8 29. Bxf8 1-0

[Event "Carvalho Memorial op 9th"]
[Site "Juazeiro do Norte"]
[Date "2014.09.20"]
[Round "3"]
[White "Schade, Dennys Karlo Mendes"]
[Black "Monte, Edmar Ferreira"]
[Result "1-0"]
[WhiteElo "1947"]
[BlackElo "1654"]
[PlyCount "129"]
[EventDate "2014.09.19"]
[EventType "swiss"]
[EventRounds "6"]
[EventCountry "BRA"]
[SourceTitle "CBM 162 Extra"]
[Source "ChessBase"]
[SourceDate "2014.10.17"]
[SourceVersion "1"]
[SourceVersionDate "2014.10.17"]
[SourceQuality "1"]

1. e4 e6 2. d4 d5 3. exd5 Qxd5 4. Nc3 Bb4 5. Qd3 Nc6 6. Nf3 Nge7 7. Bd2 Bxc3 8. Bxc3 0-0 9. Be2 a6 10. Bd2 Nf5 11. c3 b5 12. 0-0 Bb7 13. a4 Nd6 14. Bf4 Nc4 15. Ng5 g6 16. Bf3 Qd7 17. Ne4 f5 18. Nc5 Qc8 19. b3 Nd6 20. Rfe1 Re8 21. axb5 axb5 22. Bxd6 cxd6 23. Nxb7 Qxb7 24. h3 d5 25. Rxa8 Qxa8 26. Qxb5 Rb8 27. Qa4 Qxa4 28. bxa4 Kf7 29. Be2 Na5 30. Bd3 Rb3 31. Rc1 h5 32. h4 Ra3 33. Bb5 Kf6 34. f4 Ke7 35. Rc2 Kd6 36. Kf2 Ke7 37. Ke2 Ra1 38. Kf2 Rh1 39. c4 dxc4 40. Bxc4 Rxh4 41. Kg3 Rg4+ 42. Kf3 g5 43. fxg5 Rxd4 44. Bb5 Rg4 45. Rc7+ Kf8 46. Rc8+ Kg7 47. Bd7 Rxg5 48. Bxe6 Kf6 49. Rg8 Rxg8 50. Bxg8 Kg5 51. Kg3 f4+ 52. Kf3 h4 53. Be6 Nb7 54. Bh3 Na5 55. Ke4 Nb7 56. Kd4 f3 57. gxf3 Kf4 58. Bg4 h3 59. Bxh3 Kxf3 60. Kc4 Ke3 61. Bg2 Nd6+ 62. Kc5 Nc8 63. a5 Kd3 64. Bb7 Ne7 65. a6 1-0

[Event "Carvalho Memorial op 9th"]
[Site "Juazeiro do Norte"]
[Date "2014.09.19"]
[Round "1"]
[White "Ribeiro, Matheus Cavalcante"]
[Black "Monte, Edmar Ferreira"]
[Result "1-0"]
[WhiteElo "2192"]
[BlackElo "1654"]
[PlyCount "61"]
[EventDate "2014.09.19"]
[EventType "swiss"]
[EventRounds "6"]
[EventCountry "BRA"]
[SourceTitle "CBM 162 Extra"]
[Source "ChessBase"]
[SourceDate "2014.10.17"]
[SourceVersion "1"]
[SourceVersionDate "2014.10.17"]
[SourceQuality "1"]

1. e4 e6 2. d4 d5 3. Nd2 c5 4. exd5 exd5 5. Ngf3 cxd4 6. Bb5+ Bd7 7. Qe2+ Qe7 8. Nxd4 Qxe2+ 9. Bxe2 Nc6 10. N2b3 Nf6 11. 0-0 a6 12. Re1 0-0-0 13. Bg5 Nxd4 14. Nxd4 Bc5 15. c3 Rde8 16. Bxf6 gxf6 17. Bd3 Re5 18. f4 Rxe1+ 19. Rxe1 h6 20. Kf2 Rg8 21. b4 Bxd4+ 22. cxd4 Kd8 23. Rc1 Re8 24. Rc5 Bc6 25. Bxa6 Re4 26. Be2 Rxd4 27. b5 Rxf4+ 28. Kg3 Re4 29. bxc6 Rxe2 30. cxb7 Rb2 31. Rc8+ 1-0

[Event "Recife Arraes Memorial 7th"]
[Site "Recife"]
[Date "2014.08.29"]
[Round "2"]
[White "Haskin, Zachary John"]
[Black "Monte, Edmar Ferreira"]
[Result "1-0"]
[WhiteElo "1979"]
[BlackElo "1653"]
[PlyCount "89"]
[EventDate "2014.08.29"]
[EventType "swiss"]
[EventRounds "6"]
[EventCountry "BRA"]
[SourceTitle "EXT 2015"]
[Source "ChessBase"]
[SourceDate "2014.11.20"]
[SourceVersion "1"]
[SourceVersionDate "2014.11.20"]
[SourceQuality "1"]

1. e4 e6 2. d4 d5 3. Nd2 Nf6 4. e5 Nfd7 5. Bd3 c5 6. c3 Nc6 7. Ne2 Qb6 8. Nf3 cxd4 9. cxd4 f6 10. exf6 Nxf6 11. 0-0 Bd6 12. b3 0-0 13. Bg5 Bd7 14. Bh4 Rac8 15. Bg3 Bxg3 16. Nxg3 Qc7 17. Rc1 Qa5 18. Bb1 Qa3 19. Re1 Nb4 20. Qd2 Rxc1 21. Rxc1 Nc6 22. Re1 Re8 23. Qg5 Qb4 24. Nh5 Qe7 25. Ne5 Nxe5 26. Rxe5 Qf7 27. Qh4 Nxh5 28. Bxh7+ Kf8 29. Rxh5 Rc8 30. Bc2 Qf6 31. Qxf6+ gxf6 32. Rh8+ Ke7 33. Rxc8 Bxc8 34. f4 b5 35. Bd3 b4 36. Kf2 Bd7 37. Kg3 f5 38. Kh4 Kf6 39. h3 Be8 40. Be2 a5 41. Bd3 a4 42. Be2 a3 43. Bd3 Ba4 44. bxa4 b3 45. Bb1 1-0

[Event "Tiradentes op"]
[Site "Tiradentes"]
[Date "2014.04.19"]
[Round "3"]
[White "Costa, Fernando de Souza"]
[Black "Monte, Edmar Ferreira"]
[Result "1-0"]
[WhiteElo "2032"]
[BlackElo "1679"]
[PlyCount "39"]
[EventDate "2014.04.18"]
[EventType "swiss"]
[EventRounds "7"]
[EventCountry "BRA"]
[SourceTitle "CBM 160 Extra"]
[Source "ChessBase"]
[SourceDate "2014.07.01"]
[SourceVersion "1"]
[SourceVersionDate "2014.07.01"]
[SourceQuality "1"]

1. d4 d5 2. Nf3 e6 3. Bf4 Nf6 4. e3 c5 5. c3 Nc6 6. Nbd2 Bd6 7. Ne5 0-0 8. Bd3 cxd4 9. exd4 Bxe5 10. dxe5 Nd7 11. Nf3 h6 12. h4 Nc5 13. Bc2 f5 14. exf6 Rxf6 15. Be3 b6 16. Bxc5 bxc5 17. Qd3 c4 18. Qh7+ Kf8 19. Qh8+ Kf7 20. Ne5+ 1-0

[Event "Joao Pessoa op 5th"]
[Site "Joao Pessoa"]
[Date "2014.03.14"]
[Round "2"]
[White "Monte, Edmar Ferreira"]
[Black "Quaranta Neto, Francisco"]
[Result "0-1"]
[WhiteElo "1679"]
[BlackElo "1942"]
[PlyCount "76"]
[EventDate "2014.03.14"]
[EventType "swiss"]
[EventRounds "6"]
[EventCountry "BRA"]
[SourceTitle "CBM 159 Extra"]
[Source "ChessBase"]
[SourceDate "2014.04.24"]
[SourceVersion "1"]
[SourceVersionDate "2014.04.24"]
[SourceQuality "1"]

1. c4 g6 2. g3 Bg7 3. Bg2 e5 4. Nc3 Ne7 5. Nf3 Nbc6 6. 0-0 0-0 7. a3 f5 8. d3 d6 9. Bg5 h6 10. Bxe7 Nxe7 11. Rc1 g5 12. Qc2 c6 13. e4 f4 14. Nd2 Ng6 15. b4 g4 16. f3 h5 17. Ne2 c5 18. fxg4 hxg4 19. Nc3 Bh6 20. Nd5 f3 21. Bh1 Be6 22. Rce1 Rf7 23. bxc5 dxc5 24. Rf2 Ne7 25. Nf1 Nc6 26. Qb2 Nd4 27. Nfe3 Qa5 28. Kf1 Re8 29. Rd2 Bc8 30. Kf2 Bg5 31. Rdd1 Rh7 32. Nf1 Kg7 33. Qc3 Qa4 34. Nc7 Reh8 35. Rb1 Qc6 36. Nb5 Rxh2+ 37. Nxh2 Rxh2+ 38. Kg1 Qh6 0-1

[Event "Joao Pessoa op 5th"]
[Site "Joao Pessoa"]
[Date "2014.03.14"]
[Round "1"]
[White "Souza, Rafael Cabral de"]
[Black "Monte, Edmar Ferreira"]
[Result "1-0"]
[WhiteElo "2115"]
[BlackElo "1679"]
[PlyCount "47"]
[EventDate "2014.03.14"]
[EventType "swiss"]
[EventRounds "6"]
[EventCountry "BRA"]
[SourceTitle "CBM 159 Extra"]
[Source "ChessBase"]
[SourceDate "2014.04.24"]
[SourceVersion "1"]
[SourceVersionDate "2014.04.24"]
[SourceQuality "1"]

1. e4 d6 2. d4 Nf6 3. Bd3 g6 4. f3 Bg7 5. Be3 Nc6 6. c4 e5 7. d5 Nd4 8. Ne2 c5 9. dxc6 Nxc6 10. Nbc3 0-0 11. Qd2 a6 12. Rc1 Be6 13. b3 Qa5 14. 0-0 Rac8 15. Rfd1 Rfd8 16. Qe1 Ne8 17. Qf2 Rd7 18. Na4 b5 19. cxb5 axb5 20. Nb6 Rdc7 21. Nxc8 Rxc8 22. Rc2 Nb4 23. Rxc8 Bxc8 24. Qe1 1-0

[Event "Fortaleza Borges Memorial 11th"]
[Site "Fortaleza"]
[Date "2013.12.05"]
[Round "5.7"]
[White "Monte, Edmar Ferreira"]
[Black "Correia, Aristoteles de Jesu"]
[Result "1-0"]
[WhiteElo "1700"]
[BlackElo "1761"]
[PlyCount "61"]
[EventDate "2013.11.26"]
[EventType "swiss"]
[EventRounds "6"]
[EventCountry "BRA"]
[SourceTitle "EXT 2022"]
[Source "ChessBase"]
[SourceDate "2021.10.06"]
[SourceVersion "1"]
[SourceVersionDate "2021.10.06"]
[SourceQuality "1"]

1. c4 Nf6 2. d4 e6 3. Nc3 Bb4 4. Qc2 d5 5. e3 Ne4 6. cxd5 Qxd5 7. a3 Bxc3+ 8. bxc3 Nc6 9. Nf3 e5 10. Bd3 Bf5 11. 0-0 exd4 12. exd4 0-0 13. c4 Qe6 14. d5 Qg6 15. dxc6 Nd6 16. Bxf5 Nxf5 17. Qc3 Qxc6 18. Bb2 Qg6 19. Ne5 Qg5 20. f4 Qh6 21. g4 Qb6+ 22. c5 Qe6 23. gxf5 Qxf5 24. Qg3 Kh8 25. Rae1 f6 26. Nd3 Rad8 27. Re7 Rg8 28. Re3 Rd7 29. h3 g5 30. Kh2 gxf4 31. Qxf4 1-0

[Event "Fortaleza Borges Memorial 11th"]
[Site "Fortaleza"]
[Date "2013.12.03"]
[Round "4.10"]
[White "Laroca, Alvaro Ney"]
[Black "Monte, Edmar Ferreira"]
[Result "1-0"]
[WhiteElo "1579"]
[BlackElo "1700"]
[PlyCount "161"]
[EventDate "2013.11.26"]
[EventType "swiss"]
[EventRounds "6"]
[EventCountry "BRA"]
[SourceTitle "EXT 2022"]
[Source "ChessBase"]
[SourceDate "2021.10.06"]
[SourceVersion "1"]
[SourceVersionDate "2021.10.06"]
[SourceQuality "1"]

1. e4 c6 2. d4 d5 3. Nc3 dxe4 4. Nxe4 Bf5 5. Ng3 Bg6 6. Nf3 Nd7 7. Bd3 Bxd3 8. Qxd3 e6 9. Be3 Qc7 10. 0-0 Ngf6 11. Bg5 Be7 12. Rfe1 0-0 13. a3 h6 14. Bd2 c5 15. dxc5 Bxc5 16. Bc3 Ng4 17. Bd4 Ndf6 18. Bxc5 Qxc5 19. Qe2 Nd7 20. Rad1 Ngf6 21. c4 Rac8 22. Rd4 Nb6 23. b4 Qc7 24. c5 Nbd5 25. Ne4 Nxe4 26. Qxe4 Nf6 27. Qh4 Rfd8 28. Rf4 Qe7 29. h3 Rd5 30. Rfe4 Rh5 31. Qf4 Nxe4 32. Rxe4 Rd8 33. Ne5 Rf5 34. Qg3 Qg5 35. Rg4 Qf6 36. Nf3 Kh8 37. Qc7 Qa1+ 38. Kh2 Rf8 39. Qxb7 Qxa3 40. c6 Qc3 41. c7 a6 42. Rd4 Rd5 43. Rxd5 exd5 44. Qa7 Qxb4 45. Qxa6 Qf4+ 46. Kg1 Qxc7 47. Qa3 Rb8 48. g4 Qb7 49. Ne5 f6 50. Ng6+ Kg8 51. Qd6 Re8 52. Nh4 d4 53. Nf5 Re1+ 54. Kh2 Qh1+ 55. Kg3 Rg1+ 56. Kh4 Kh7 57. Qe7 Rxg4+ 58. Kxg4 Qg1+ 59. Kf3 Qg6 60. Nxd4 Qh5+ 61. Kg2 Qg5+ 62. Kf1 Qc1+ 63. Qe1 Qc4+ 64. Ne2 Qc8 65. Nf4 Qc4+ 66. Ne2 Qh4 67. Kg2 f5 68. Ng3 f4 69. Qe4+ g6 70. Kf3 Qxh3 71. Qxf4 Qd7 72. Ne4 Qd1+ 73. Kg2 Qd5 74. Kg3 Qd3+ 75. f3 Qd8 76. Qf7+ Kh8 77. Nf6 Qb8+ 78. Kh3 Qc8+ 79. Kh4 g5+ 80. Kh5 Qh3+ 81. Kg6 1-0

[Event "Luiz Rego Memorial"]
[Site "Teresina"]
[Date "2013.08.17"]
[Round "3"]
[White "De Ananias Castro, Anderson Patrick"]
[Black "Monte, Edmar Ferreira"]
[Result "0-1"]
[WhiteElo "1819"]
[BlackElo "1699"]
[PlyCount "66"]
[EventDate "2013.08.16"]
[EventType "swiss"]
[EventRounds "6"]
[EventCountry "BRA"]
[SourceTitle "EXT 2014"]
[Source "ChessBase"]
[SourceDate "2013.11.20"]
[SourceVersion "1"]
[SourceVersionDate "2013.11.20"]
[SourceQuality "1"]

1. d4 Nf6 2. Nf3 c5 3. dxc5 Qa5+ 4. Nc3 Qxc5 5. Be3 Qb4 6. Rb1 Ne4 7. Qd4 Qxd4 8. Bxd4 Nxc3 9. Bxc3 f6 10. e4 Nc6 11. Nd4 a6 12. Nxc6 dxc6 13. Bd3 e5 14. b4 Be6 15. a3 b5 16. 0-0 Be7 17. f4 exf4 18. Rxf4 0-0 19. e5 f5 20. Ra1 c5 21. bxc5 Bxc5+ 22. Kh1 Be3 23. Rf3 f4 24. Bb4 Rfe8 25. Be4 Ra7 26. h3 g5 27. Kh2 h5 28. g3 g4 29. hxg4 hxg4 30. Rff1 f3 31. Rae1 Bb6 32. Rd1 Kg7 33. Rd6 Rh8+ 0-1

[Event "Luiz Rego Memorial"]
[Site "Teresina"]
[Date "2013.08.16"]
[Round "1"]
[White "Abreu Santos, Eudismar"]
[Black "Monte, Edmar Ferreira"]
[Result "1-0"]
[WhiteElo "2164"]
[BlackElo "1699"]
[PlyCount "28"]
[EventDate "2013.08.16"]
[EventType "swiss"]
[EventRounds "6"]
[EventCountry "BRA"]
[SourceTitle "EXT 2014"]
[Source "ChessBase"]
[SourceDate "2013.11.20"]
[SourceVersion "1"]
[SourceVersionDate "2013.11.20"]
[SourceQuality "1"]

1. e4 c6 2. d4 d5 3. Nd2 dxe4 4. Nxe4 Bf5 5. Ng3 Bg6 6. Nf3 Nd7 7. Bd3 Bxd3 8. Qxd3 e6 9. Bd2 Ngf6 10. Qe2 Be7 11. Ne5 Qb6 12. 0-0 0-0 13. Rfe1 Rab8 14. Bg5 Qxd4 1-0

[Event "Joao Pessoa op 08"]
[Site "Joao Pessoa"]
[Date "2013.08.02"]
[Round "1"]
[White "Monte, Edmar Ferreira"]
[Black "De Souza, Arthur Olintho"]
[Result "0-1"]
[WhiteElo "1699"]
[BlackElo "2103"]
[PlyCount "94"]
[EventDate "2013.08.02"]
[EventType "swiss"]
[EventRounds "6"]
[EventCountry "BRA"]
[SourceTitle "CBM 155 Extra"]
[Source "ChessBase"]
[SourceDate "2013.08.26"]
[SourceVersion "1"]
[SourceVersionDate "2013.08.26"]
[SourceQuality "1"]

1. c4 c5 2. Nf3 g6 3. Nc3 Nc6 4. d4 cxd4 5. Nxd4 Bg7 6. e3 Nf6 7. Be2 0-0 8. 0-0 a6 9. a3 d5 10. cxd5 Nxd5 11. Nxd5 Qxd5 12. Bf3 Qc5 13. Nxc6 bxc6 14. Qa4 Bb7 15. Bd2 Qb5 16. Qc2 Rac8 17. Bc3 e5 18. Rac1 f5 19. Be2 Qb6 20. b4 Kh8 21. Rfd1 f4 22. e4 c5 23. Rd7 cxb4 24. axb4 Rfd8 25. Rxg7 Kxg7 26. Bxe5+ Kh6 27. Qb2 Rxc1+ 28. Qxc1 g5 29. h4 Rf8 30. hxg5+ Kxg5 31. g3 Kg6 32. Bxf4 Bxe4 33. Qc5 Qe6 34. Bh5+ Kg7 35. Bg4 Qd5 36. Qa7+ Kg6 37. Qxa6+ Rf6 38. Qe2 Qd4 39. Bh5+ Kg7 40. Qg4+ Rg6 41. Qe2 Qa1+ 42. Qd1 Qxd1+ 43. Bxd1 Rb6 44. Be5+ Kg6 45. f3 Bd3 46. Bc3 Ra6 47. Kf2 Re6 0-1

[Event "Natal Potiguar op"]
[Site "Natal"]
[Date "2013.07.05"]
[Round "2"]
[White "De Morais, Alemberg Beserra"]
[Black "Monte, Edmar Ferreira"]
[Result "0-1"]
[WhiteElo "1800"]
[BlackElo "1702"]
[PlyCount "78"]
[EventDate "2013.07.05"]
[EventType "swiss"]
[EventRounds "6"]
[EventCountry "BRA"]
[SourceTitle "EXT 2014"]
[Source "ChessBase"]
[SourceDate "2013.11.20"]
[SourceVersion "1"]
[SourceVersionDate "2013.11.20"]
[SourceQuality "1"]

1. d4 Nf6 2. Nf3 d5 3. Nbd2 Bf5 4. e3 h6 5. Bd3 Ne4 6. 0-0 e6 7. Ne1 Qg5 8. Ndf3 Qh5 9. Be2 Bg4 10. Nd3 Bd6 11. Nf4 Bxf4 12. exf4 Nd7 13. Re1 0-0 14. Ne5 Bxe2 15. Qxe2 Qxe2 16. Rxe2 Ndf6 17. f3 Nd6 18. Bd2 a5 19. Rc1 b5 20. b3 a4 21. Bb4 Rfd8 22. Nc6 Rd7 23. Ne5 Rdd8 24. Nc6 Re8 25. Rd1 Ra6 26. Ne5 Rc8 27. Rd3 Nf5 28. g4 Nxd4 29. Rg2 Nc6 30. Bc3 Nxe5 31. Bxe5 Nd7 32. Bd4 c5 33. Be3 Nf8 34. f5 c4 35. Rdd2 axb3 36. axb3 cxb3 37. cxb3 Rc3 38. Bd4 Rxf3 39. Rc2 Rf4 0-1